Представление документа в формате RUSMARC

ПолеНазваниеЗначение
  Тип записи a
  Библиографический уровень c
001 Контрольный номер RU/SLIB/B/208743480
005 Дата корректировки 20201206204104.3
010 Индекс ISBN __
d Цена 30-00
101 Язык документа 0_
a Язык текста rus
c Язык оригинала rus
200 Заглавие и сведения об ответственности 0_
a Заглавие Избранные произведения
f Первые сведения об ответственности М. Горький
b Общее обозначение материала Текст
h Номер части Т. 2
210 Выходные данные __
a Место издания Кишинев
c Издательство Лит. артистикэ
d Дата издания 1978
215 Физическое описание __
a Объем 443 с.
327 Примечание о содержании __
a Примечание о содержании Мать
327 Примечание о содержании __
a Примечание о содержании Дело Артемоновых
606 Тематические рубрики __
a Основная рубрика Художественная литература
606 Тематические рубрики __
a Основная рубрика Русская литература XX в. (произведения)
610 Ключевые слова __
a Ключевые слова проза; повести
686 Индексы других классификаций __
a Классификационный индекс 84(2Рос=Рус)6-4
700 Автор _1
a Фамилия Горький
b Имя М.
c Титул (звания) Пешков Алексей Максимович
g Полное личное имя Максим
4 Код отношения 070
801 Источник записи _0
a Страна RU
b Организация Муниципальное бюджетное учреждение культуры "Централизованная библиотечная система" г. Сургут (Центральная городская библиотека им. А. С. Пушкина)
g Правила каталогизации КиК/Михайлова
801 Источник записи _1
a Страна RU
b Организация Муниципальное бюджетное учреждение культуры "Централизованная библиотечная система" г. Сургут (Центральная городская библиотека им. А. С. Пушкина)
g Правила каталогизации КиК/Михайлова
852 Данные о местонахождении __
j Шифр хранения 84(2Рос=Рус)6-4
c Каталожный индекс 84(2Рос=Рус)6-4
i Авторский знак Г 71
p Инвентарный номер 03070375
901 Тип документа __
t Тип документа x
903 Характеристики (МАРС) __
a Дата передачи 20030709
969 Тип издания __
a Тип издания сборник
990 Данные о заказе (DOS) __
j Количество экземпляров (DOS) 1
t N записи в КСУ для И/У (DOS) 200307